Price and others v Leeds City Council (Record no. 75027)
[ view plain ]
| 000 -LEADER | |
|---|---|
| fixed length control field | 01767cab a2200181 4500 |
| 001 - CONTROL NUMBER | |
| control field | L129258 |
| 008 - FIXED-LENGTH DATA ELEMENTS--GENERAL INFORMATION | |
| fixed length control field | 050405n2005 000 0 eng u |
| 035 ## - SYSTEM CONTROL NUMBER | |
| System control number | (Sirsi) u129258 |
| 041 ## - LANGUAGE CODE | |
| Language code of text/sound track or separate title | eng |
| 245 ## - TITLE STATEMENT | |
| Title | Price and others v Leeds City Council |
| 260 ## - PUBLICATION, DISTRIBUTION, ETC. | |
| Date of publication, distribution, etc. | 2005 |
| 490 ## - SERIES STATEMENT | |
| Series statement | Weekly Law Reports |
| Volume/sequential designation | [2005] 1 WLR 1825-1838(14) |
| 520 ## - SUMMARY, ETC. | |
| Summary, etc. | [2005] EWCA Civ 289, 2 March 2005. Considers whether appellant gypsies (P) were entitled to argue in defence, against respondent local authority's (L) order for possession of land, occupied by P without consent and indisputably owned by L. That such possession would infringe their rights under the Convention for the Protection of Human Rights and Fundamental Freedoms Art 8. In the HC decision, the judge held that P could not raise the Art 8 defence as he was bound to follow "Harrow LBC v Qazi" ([2003] UKHL 43, Abs67176), which was not incompatible with the European Court of Human Rights' decision "Connors v United Kingdom" (66746/01, [2005] 40 EHHR 9). P appealed on the grounds that "Qazi" was incompatible with "Connors" and "Connors" must be followed to account for the European Court's decisions. "Held": appeal dismissed. The reasoning in "Connors" could not be confined to gypsies and "Connors" could not be seen as identifying a discrete exception to the general rule propounded by the majority in "Qazi". If the court followed "Connors" it would subvert the principle of legal certainty. "Qazi" had to be followed but permission would be granted to appeal to HL if requested and not successfully opposed. |
| 590 ## - LOCAL NOTE (RLIN) | |
| Local note | IKA150405 |
| 690 ## - LOCAL SUBJECT ADDED ENTRY--TOPICAL TERM (OCLC, RLIN) | |
| Topical term or geographic name as entry element | Planning and development |
| 9 (RLIN) | 6259 |
| 856 ## - ELECTRONIC LOCATION AND ACCESS | |
| Uniform Resource Identifier | <a href="https://www.bailii.org/ew/cases/EWCA/Civ/2005/289.html">https://www.bailii.org/ew/cases/EWCA/Civ/2005/289.html</a> |
| Public note | View the item free of charge at www.bailii.orgƯ |
| 942 ## - ADDED ENTRY ELEMENTS (KOHA) | |
| Suppress in OPAC | 0 |
| Withdrawn status | Lost status | Source of classification or shelving scheme | Damaged status | Not for loan | Home library | Current library | Shelving location | Date acquired | Total Checkouts | Full call number | Barcode | Date last seen | Copy number | Price effective from | Koha item type |
|---|---|---|---|---|---|---|---|---|---|---|---|---|---|---|---|
| Dewey Decimal Classification | Virtual | Virtual | Online | 05/04/2005 | ONLINE PUBLICATION | 129258-2001 | 06/08/2019 | 1 | 06/08/2019 | Law report |